[Event "EUR-chT Seniors 65"]
[Site "Prague"]
[Date "2021.09.05"]
[Round "7.4"]
[White "Hammar, Bengt Erik"]
[Black "Halla, Jiri"]
[Result "1-0"]
[WhiteElo "2130"]
[BlackElo "1759"]
[PlyCount "67"]
[EventDate "2021.08.30"]
[EventType "team-swiss"]
[EventRounds "9"]
[EventCountry "CZE"]
[SourceTitle "CBM 204 Extra"]
[Source "ChessBase"]
[SourceDate "2021.11.30"]
[SourceVersion "1"]
[SourceVersionDate "2021.11.30"]
[SourceQuality "1"]
[WhiteTeam "Sweden 65"]
[BlackTeam "Roztoky Caissa 65"]
[WhiteTeamCountry "SWE"]
[BlackTeamCountry "CZE"]

1. e4 e6 2. d4 d5 3. Nc3 Bb4 4. e5 c5 5. a3 Bxc3+ 6. bxc3 Qc7 7. Nf3 Bd7 8. a4 Nc6 9. Ba3 c4 10. g3 Nge7 11. Qd2 h6 12. Bg2 0-0-0 13. 0-0 Rdg8 14. a5 g5 15. Bd6 Qd8 16. Rfb1 a6 17. Qc1 Na7 18. Qa3 Nb5 19. Rxb5 axb5 20. Bxe7 Qc7 21. Bf6 Rh7 22. h4 g4 23. Nh2 Bc6 24. Nf1 h5 25. Ne3 Rh6 26. Bf1 Rhg6 27. Ng2 Rxf6 28. exf6 e5 29. a6 bxa6 30. Qxa6+ Kd7 31. Qa3 Ke6 32. dxe5 Kxe5 33. Qc5 Qd6 34. Re1+ 1-0

[Event "EUR-chT Seniors 65"]
[Site "Prague"]
[Date "2021.08.31"]
[Round "2.3"]
[White "Halla, Jiri"]
[Black "Segal, Yosef"]
[Result "1/2-1/2"]
[WhiteElo "1759"]
[BlackElo "1814"]
[PlyCount "51"]
[EventDate "2021.08.30"]
[EventType "team-swiss"]
[EventRounds "9"]
[EventCountry "CZE"]
[SourceTitle "CBM 204 Extra"]
[Source "ChessBase"]
[SourceDate "2021.11.30"]
[SourceVersion "1"]
[SourceVersionDate "2021.11.30"]
[SourceQuality "1"]
[WhiteTeam "Roztoky Caissa 65"]
[BlackTeam "Israel 65 II"]
[WhiteTeamCountry "CZE"]
[BlackTeamCountry "ISR"]

1. b3 Nf6 2. Bb2 e6 3. f4 d5 4. Nf3 c5 5. e3 a6 6. Be2 Nc6 7. 0-0 b6 8. Ne5 Bb7 9. d3 Bd6 10. Nd2 0-0 11. Ndf3 Nd7 12. c4 f6 13. Nxc6 Bxc6 14. d4 Qe7 15. Qd2 Rad8 16. Rad1 Bb7 17. Bd3 dxc4 18. bxc4 f5 19. Bb1 Nf6 20. Qe2 Be4 21. Nd2 Bxb1 22. Nxb1 Qc7 23. g3 Rc8 24. Rc1 Qc6 25. Rfd1 Rce8 26. Qg2 1/2-1/2

[Event "WchT Seniors 65"]
[Site "Prague"]
[Date "2020.03.10"]
[Round "5.19"]
[White "Halla, Jiri"]
[Black "Tejkal, Jiri"]
[Result "1/2-1/2"]
[WhiteElo "1744"]
[BlackElo "1875"]
[PlyCount "31"]
[EventDate "2020.03.06"]
[EventType "team-swiss"]
[EventRounds "7"]
[EventCountry "CZE"]
[SourceTitle "CBM 195 Extra"]
[Source "ChessBase"]
[SourceDate "2020.05.31"]
[SourceVersion "1"]
[SourceVersionDate "2020.05.31"]
[SourceQuality "1"]
[WhiteTeam "Czech Republic 65 IX"]
[BlackTeam "Czech Republic 65 VII"]
[WhiteTeamCountry "CZE"]
[BlackTeamCountry "CZE"]

1. e4 c6 2. d4 d5 3. exd5 cxd5 4. Bd3 Nf6 5. Nf3 Nc6 6. c3 Bg4 7. 0-0 e6 8. Re1 Qc7 9. Nbd2 Bd6 10. Qc2 Rc8 11. a3 Bh5 12. h3 Bg6 13. Nf1 Bxd3 14. Qxd3 0-0 15. Re2 Na5 16. Ne5 1/2-1/2

[Event "Wch Seniors 65 26th"]
[Site "Marianske Lazne"]
[Date "2016.11.28"]
[Round "9"]
[White "Schwertel, Johann"]
[Black "Halla, Jiri"]
[Result "1/2-1/2"]
[WhiteElo "1961"]
[BlackElo "1770"]
[PlyCount "84"]
[EventDate "2016.11.19"]
[EventType "swiss"]
[EventRounds "11"]
[EventCountry "CZE"]
[SourceTitle "CBM 175 Extra"]
[Source "ChessBase"]
[SourceDate "2016.12.12"]
[SourceVersion "1"]
[SourceVersionDate "2016.12.12"]
[SourceQuality "1"]

1. d4 Nf6 2. Nf3 g6 3. Bf4 Bg7 4. c3 0-0 5. e3 d6 6. h3 b6 7. Be2 Bb7 8. 0-0 Nbd7 9. Bh2 c5 10. Nbd2 Re8 11. Re1 Qc8 12. Bf1 d5 13. a4 a6 14. Rc1 Ne4 15. Nxe4 dxe4 16. Nd2 e6 17. Nc4 Bf8 18. Ne5 Nxe5 19. Bxe5 Rd8 20. Qb3 Qc6 21. Red1 Rac8 22. Bf6 Rd7 23. dxc5 Bxc5 24. Rxd7 Qxd7 25. Rd1 Qe8 26. Bd4 Bc6 27. Ra1 Bxd4 28. cxd4 b5 29. axb5 Bxb5 30. Bxb5 Qxb5 31. Qxb5 axb5 32. Ra5 Rb8 33. b4 Rb7 34. Kf1 Kf8 35. Ke2 Ke7 36. Kd2 Kd7 37. Ra3 Rc7 38. Rc3 Rxc3 39. Kxc3 Kd6 40. f4 h5 41. g4 hxg4 42. hxg4 f5 1/2-1/2

[Event "Wch Seniors 65 26th"]
[Site "Marianske Lazne"]
[Date "2016.11.21"]
[Round "3"]
[White "Diaz Franco, Francisco Jorge"]
[Black "Halla, Jiri"]
[Result "1/2-1/2"]
[WhiteElo "2019"]
[BlackElo "1770"]
[PlyCount "45"]
[EventDate "2016.11.19"]
[EventType "swiss"]
[EventRounds "11"]
[EventCountry "CZE"]
[SourceTitle "CBM 175 Extra"]
[Source "ChessBase"]
[SourceDate "2016.12.12"]
[SourceVersion "1"]
[SourceVersionDate "2016.12.12"]
[SourceQuality "1"]

1. d4 Nf6 2. Bf4 d5 3. Nf3 e6 4. h3 c5 5. e3 Nc6 6. c3 Bd6 7. Ne5 0-0 8. Be2 cxd4 9. cxd4 Qe7 10. 0-0 Nd7 11. Nd3 Nb6 12. Nc3 a6 13. Rc1 Nc4 14. b3 Nb6 15. Bf3 Nb4 16. Ne5 f6 17. Nd3 Nxd3 18. Bxd6 Qxd6 19. Qxd3 Bd7 20. Rc2 Rac8 21. Rfc1 Be8 22. e4 Bg6 23. Qe3 1/2-1/2

[Event "Ricany op"]
[Site "Ricany"]
[Date "2015.08.23"]
[Round "2"]
[White "Koper, Stefan"]
[Black "Halla, Jiri"]
[Result "1/2-1/2"]
[WhiteElo "1991"]
[BlackElo "1839"]
[PlyCount "86"]
[EventDate "2015.08.22"]
[EventType "swiss"]
[EventRounds "9"]
[EventCountry "CZE"]
[SourceTitle "EXT 2023"]
[Source "ChessBase"]
[SourceDate "2022.10.05"]
[SourceVersion "1"]
[SourceVersionDate "2022.10.05"]
[SourceQuality "1"]

1. d4 Nf6 2. c4 g6 3. Nc3 Bg7 4. e4 d6 5. Nge2 0-0 6. Ng3 e5 7. d5 Nbd7 8. Be2 a5 9. 0-0 Nc5 10. b3 Ne8 11. Bd2 Bd7 12. Rc1 h5 13. Re1 Bf6 14. Nf1 Bg5 15. Ne3 Ng7 16. a3 f5 17. f3 h4 18. b4 axb4 19. axb4 Na4 20. Nf1 Nxc3 21. Rxc3 Nh5 22. g3 fxe4 23. fxe4 hxg3 24. hxg3 Ra2 25. Bxh5 Bxd2 26. Nxd2 Qg5 27. Nf1 gxh5 28. Rc2 Ba4 29. Qc1 Qxc1 30. Rcxc1 Rff2 31. Ra1 Kg7 32. Rxa2 Rxa2 33. Ne3 Bd7 34. c5 Kf6 35. cxd6 cxd6 36. Nc4 Ke7 37. Re3 Bb5 38. Na5 b6 39. Nc6+ Kd7 40. Rc3 Rb2 41. Nb8+ Kd8 42. Nc6+ Kd7 43. Nb8+ Kd8 1/2-1/2

[Event "Ricany op"]
[Site "Ricany"]
[Date "2015.08.22"]
[Round "1"]
[White "Halla, Jiri"]
[Black "Krivanek, Vladimir"]
[Result "0-1"]
[WhiteElo "1839"]
[BlackElo "2105"]
[PlyCount "64"]
[EventDate "2015.08.22"]
[EventType "swiss"]
[EventRounds "9"]
[EventCountry "CZE"]
[SourceTitle "EXT 2023"]
[Source "ChessBase"]
[SourceDate "2022.10.05"]
[SourceVersion "1"]
[SourceVersionDate "2022.10.05"]
[SourceQuality "1"]

1. b3 d5 2. Bb2 Nf6 3. e3 Nc6 4. f4 Bg4 5. Be2 Bxe2 6. Qxe2 e6 7. Nf3 Bd6 8. 0-0 Qe7 9. Ne5 Bxe5 10. fxe5 Nd7 11. d4 0-0-0 12. Nd2 f6 13. Nf3 fxe5 14. dxe5 g5 15. c4 g4 16. Nd4 Ncxe5 17. cxd5 exd5 18. Rac1 Rhg8 19. Nb5 c5 20. b4 c4 21. Bd4 a6 22. Na7+ Kb8 23. b5 Nf3+ 24. Rxf3 gxf3 25. Qxf3 Ne5 26. Qf4 Ka8 27. bxa6 Nd3 28. Rb1 Nxf4 29. axb7+ Qxb7 30. Rxb7 Rxg2+ 31. Kh1 Kxb7 32. exf4 Rxa2 0-1

[Event "Kouty nad Desnou op-F"]
[Site "Kouty nad Desnou"]
[Date "2013.03.13"]
[Round "6"]
[White "Hrdina, Robin"]
[Black "Halla, Jiri"]
[Result "1-0"]
[WhiteElo "1983"]
[BlackElo "1857"]
[PlyCount "79"]
[EventDate "2013.03.09"]
[EventType "swiss"]
[EventRounds "9"]
[EventCountry "CZE"]
[SourceTitle "EXT 2015"]
[Source "ChessBase"]
[SourceDate "2014.11.20"]
[SourceVersion "1"]
[SourceVersionDate "2014.11.20"]
[SourceQuality "1"]

1. e4 e6 2. d3 d5 3. Nd2 c5 4. Ngf3 Nc6 5. g3 Nf6 6. Bg2 Be7 7. 0-0 0-0 8. e5 Nd7 9. Re1 b5 10. c3 Qc7 11. Qe2 Bb7 12. Nf1 d4 13. Bf4 Nb6 14. Rac1 Qd7 15. N1d2 dxc3 16. bxc3 Rfd8 17. d4 a6 18. dxc5 Bxc5 19. Ne4 Be7 20. Red1 Qe8 21. Nfg5 h6 22. Nf3 Nc4 23. a4 Rxd1+ 24. Rxd1 Rd8 25. Nd6 Bxd6 26. exd6 f6 27. axb5 axb5 28. Bh3 e5 29. d7 Qe7 30. Be3 N6a5 31. Nd2 Bc6 32. Nxc4 Nxc4 33. Qg4 Nxe3 34. fxe3 Qf7 35. Rd6 Bd5 36. Qb4 Bc4 37. Qa5 Qf8 38. Rc6 Kf7 39. Rc8 Ke7 40. Qb4+ 1-0

[Event "Ricany op"]
[Site "Ricany"]
[Date "2012.09.01"]
[Round "8"]
[White "Nigrin, Jiri"]
[Black "Halla, Jiri"]
[Result "1/2-1/2"]
[WhiteElo "1684"]
[BlackElo "1885"]
[PlyCount "30"]
[EventDate "2012.08.26"]
[EventType "swiss"]
[EventRounds "9"]
[EventCountry "CZE"]
[SourceTitle "CBM 150 Extra"]
[Source "ChessBase"]
[SourceDate "2012.10.19"]
[SourceVersion "1"]
[SourceVersionDate "2012.10.19"]
[SourceQuality "1"]

1. c4 e5 2. Nc3 Nf6 3. g3 g6 4. Bg2 Bg7 5. d3 0-0 6. Nf3 d6 7. 0-0 Nc6 8. a3 a5 9. Bg5 h6 10. Bd2 Be6 11. Rb1 Qd7 12. Bc1 Kh7 13. b4 axb4 14. axb4 Bh3 15. b5 Ne7 1/2-1/2

[Event "Ricany op"]
[Site "Ricany"]
[Date "2012.08.31"]
[Round "7"]
[White "Havelka, Jan"]
[Black "Halla, Jiri"]
[Result "1/2-1/2"]
[WhiteElo "1762"]
[BlackElo "1885"]
[PlyCount "47"]
[EventDate "2012.08.26"]
[EventType "swiss"]
[EventRounds "9"]
[EventCountry "CZE"]
[SourceTitle "CBM 150 Extra"]
[Source "ChessBase"]
[SourceDate "2012.10.19"]
[SourceVersion "1"]
[SourceVersionDate "2012.10.19"]
[SourceQuality "1"]

1. e4 e6 2. d4 d5 3. exd5 exd5 4. c4 Nf6 5. Nc3 Be7 6. Nf3 0-0 7. Be2 Re8 8. 0-0 Bg4 9. Qb3 Nc6 10. cxd5 Bxf3 11. dxc6 Bxe2 12. Nxe2 bxc6 13. Be3 Nd5 14. a3 Bd6 15. Qd3 Qe7 16. Rae1 Nxe3 17. Ng3 Qg5 18. Rxe3 Rxe3 19. Qxe3 Qd5 20. b4 a5 21. Rb1 axb4 22. axb4 f6 23. Ne4 Qb5 24. Qb3+ 1/2-1/2

[Event "Ricany op"]
[Site "Ricany"]
[Date "2012.08.30"]
[Round "6"]
[White "Halla, Jiri"]
[Black "Vystrcil, Martin"]
[Result "1/2-1/2"]
[WhiteElo "1885"]
[BlackElo "1750"]
[PlyCount "20"]
[EventDate "2012.08.26"]
[EventType "swiss"]
[EventRounds "9"]
[EventCountry "CZE"]
[SourceTitle "CBM 150 Extra"]
[Source "ChessBase"]
[SourceDate "2012.10.19"]
[SourceVersion "1"]
[SourceVersionDate "2012.10.19"]
[SourceQuality "1"]

1. b3 d5 2. Bb2 Bf5 3. e3 e6 4. f4 Nf6 5. Nf3 Nbd7 6. Nh4 Bg6 7. Nxg6 hxg6 8. Qf3 c6 9. Be2 Qc7 10. d4 0-0-0 1/2-1/2

[Event "Ricany op"]
[Site "Ricany"]
[Date "2012.08.26"]
[Round "2"]
[White "Halla, Jiri"]
[Black "Vlcek, Vilem"]
[Result "0-1"]
[WhiteElo "1885"]
[BlackElo "1461"]
[PlyCount "40"]
[EventDate "2012.08.26"]
[EventType "swiss"]
[EventRounds "9"]
[EventCountry "CZE"]
[SourceTitle "CBM 150 Extra"]
[Source "ChessBase"]
[SourceDate "2012.10.19"]
[SourceVersion "1"]
[SourceVersionDate "2012.10.19"]
[SourceQuality "1"]

1. b3 d5 2. Bb2 Bf5 3. e3 e6 4. f4 Nf6 5. Nf3 Bd6 6. Be2 Nbd7 7. 0-0 Qe7 8. Ne5 0-0-0 9. c4 h5 10. d3 Bxe5 11. fxe5 Ng4 12. Bxg4 hxg4 13. g3 dxc4 14. e4 Nxe5 15. Bxe5 Rxd3 16. Qxd3 cxd3 17. exf5 Qc5+ 18. Kg2 Qxe5 19. Nd2 Qe2+ 20. Rf2 Rxh2+ 0-1

[Event "Kouty nad Desnou op-A"]
[Site "Kouty nad Desnou"]
[Date "2012.03.16"]
[Round "8"]
[White "Halla, Jiri"]
[Black "Folwarczny, Marek"]
[Result "1-0"]
[WhiteElo "1897"]
[BlackElo "1669"]
[PlyCount "69"]
[EventDate "2012.03.10"]
[EventType "swiss"]
[EventRounds "9"]
[EventCountry "CZE"]
[SourceTitle "EXT 2013"]
[Source "ChessBase"]
[SourceDate "2012.11.22"]
[SourceVersion "1"]
[SourceVersionDate "2012.11.22"]
[SourceQuality "1"]

1. e4 e5 2. Nf3 Nc6 3. d4 exd4 4. Nxd4 Bc5 5. Nb3 Bb6 6. a4 a6 7. Nc3 Nf6 8. Be2 Qe7 9. 0-0 0-0 10. Bg5 Qe5 11. Bxf6 Qxf6 12. Nd5 Qxb2 13. Nxb6 cxb6 14. Qd2 Qe5 15. Bd3 d6 16. f4 Qf6 17. Qe3 Qd8 18. Rad1 Qc7 19. f5 f6 20. Bc4+ Kh8 21. Qd2 Ne5 22. Bd5 Bd7 23. Nd4 Rfd8 24. Rf4 Rac8 25. Rh4 Qc3 26. Qf2 h6 27. Rh3 Qc7 28. Qd2 Nf7 29. Bxf7 Bxf5 30. Nxf5 Qxf7 31. Nxh6 Qc4 32. Nf7+ Kg8 33. Nxd8 Rxd8 34. Qd5+ Qxd5 35. Rxd5 1-0

[Event "Kouty nad Desnou op-A"]
[Site "Kouty nad Desnou"]
[Date "2012.03.12"]
[Round "3"]
[White "Tuma, Jan"]
[Black "Halla, Jiri"]
[Result "1/2-1/2"]
[WhiteElo "1691"]
[BlackElo "1897"]
[PlyCount "124"]
[EventDate "2012.03.10"]
[EventType "swiss"]
[EventRounds "9"]
[EventCountry "CZE"]
[SourceTitle "EXT 2013"]
[Source "ChessBase"]
[SourceDate "2012.11.22"]
[SourceVersion "1"]
[SourceVersionDate "2012.11.22"]
[SourceQuality "1"]

1. e4 e6 2. d4 d5 3. e5 c5 4. c3 Nc6 5. Nf3 Qb6 6. a3 cxd4 7. cxd4 Bd7 8. b4 Nge7 9. Nc3 a6 10. Na4 Qa7 11. Bb2 b6 12. Bd3 Rc8 13. 0-0 Qb7 14. Qb3 Na7 15. Rac1 Bxa4 16. Qxa4+ b5 17. Qd1 g6 18. Rxc8+ Naxc8 19. h4 h5 20. Bc1 Nb6 21. Bg5 Nc6 22. Bf6 Rg8 23. Be2 Ne7 24. Ng5 Nd7 25. Nh7 Bg7 26. Bxg7 Rxg7 27. Nf6+ Kd8 28. Qd2 Nf5 29. Bd3 Nxf6 30. Qg5 Rg8 31. Qxf6+ Qe7 32. Qxe7+ Nxe7 33. Be2 Kd7 34. Rd1 Rc8 35. Rd3 Nf5 36. g3 Rc4 37. Rd2 Rxd4 38. Rxd4 Nxd4 39. Bd1 Nc6 40. f4 Nd4 41. Kf2 Nc6 42. Be2 Nd4 43. Bd3 Kc6 44. Ke3 Nf5+ 45. Kf2 Kb6 46. Kf3 Ne7 47. g4 hxg4+ 48. Kxg4 Nc6 49. Kg5 Kc7 50. h5 gxh5 51. Kxh5 Kd7 52. Kg5 Ke7 53. Be2 Nd4 54. Bd3 Nb3 55. f5 Nd2 56. fxe6 Kxe6 57. Kf4 Nc4 58. Bf5+ Ke7 59. Bc8 Nxa3 60. Bxa6 Nc2 61. Bxb5 Nxb4 62. Be2 d4 1/2-1/2

[Event "Kouty nad Desnou op-A"]
[Site "Kouty nad Desnou"]
[Date "2011.03.14"]
[Round "4"]
[White "Halla, Jiri"]
[Black "Hajek, Jaroslav"]
[Result "1/2-1/2"]
[WhiteElo "1901"]
[BlackElo "2011"]
[PlyCount "26"]
[EventDate "2011.03.12"]
[EventType "swiss"]
[EventRounds "9"]
[EventCountry "CZE"]
[SourceTitle "EXT 2014"]
[Source "ChessBase"]
[SourceDate "2013.11.20"]
[SourceVersion "1"]
[SourceVersionDate "2013.11.20"]
[SourceQuality "1"]

1. e4 d5 2. exd5 Qxd5 3. Nc3 Qd6 4. d4 Nf6 5. Bc4 a6 6. Bb3 Nc6 7. Nge2 Bf5 8. Bf4 Qd7 9. Qd2 e6 10. a3 0-0-0 11. 0-0-0 Bd6 12. Bxd6 Qxd6 13. f3 Bg6 1/2-1/2

[Event "Kouty nad Desnou op-A"]
[Site "Kouty nad Desnou"]
[Date "2011.03.14"]
[Round "3"]
[White "Halla, Jiri"]
[Black "Kocandova, Martina"]
[Result "1-0"]
[WhiteElo "1901"]
[BlackElo "1733"]
[PlyCount "89"]
[EventDate "2011.03.12"]
[EventType "swiss"]
[EventRounds "9"]
[EventCountry "CZE"]
[SourceTitle "EXT 2014"]
[Source "ChessBase"]
[SourceDate "2013.11.20"]
[SourceVersion "1"]
[SourceVersionDate "2013.11.20"]
[SourceQuality "1"]

1. e4 e5 2. Nf3 Nc6 3. d4 exd4 4. Nxd4 Bc5 5. Nb3 Bb6 6. Nc3 Nf6 7. Bg5 d6 8. Be2 Ne5 9. Qd2 h6 10. Be3 Bxe3 11. Qxe3 Nfg4 12. Qd4 Qh4 13. g3 Qh3 14. 0-0-0 Qg2 15. f4 Ng6 16. Qxg7 Nf2 17. Rhg1 Qxh2 18. f5 Nxd1 19. Rxd1 Bd7 20. fxg6 0-0-0 21. gxf7 Rdf8 22. Bc4 Qf2 23. Nd5 Kd8 24. Rf1 Qg2 25. Qf6+ Kc8 26. Ne7+ Kb8 27. Ng6 Qxe4 28. Nxf8 Qe3+ 29. Nd2 Rxf8 30. Qg7 Qe7 31. Qxh6 c6 32. Qf6 Qxf6 33. Rxf6 d5 34. Bd3 Kc7 35. Nf3 Kd8 36. Ne5 Ke7 37. Nxd7 Kxd7 38. g4 Ke7 39. g5 Rh8 40. f8Q+ Rxf8 41. Rxf8 Kxf8 42. Kd2 b5 43. Kc3 c5 44. Bxb5 a5 45. Bc6 1-0

[Event "Ricany op"]
[Site "Ricany"]
[Date "2010.08.27"]
[Round "8"]
[White "Halla, Jiri"]
[Black "Luzikova, Nicola"]
[Result "1-0"]
[WhiteElo "1912"]
[BlackElo "1740"]
[PlyCount "97"]
[EventDate "2010.08.21"]
[EventType "swiss"]
[EventRounds "9"]
[EventCountry "CZE"]
[SourceTitle "EXT 2022"]
[Source "ChessBase"]
[SourceDate "2021.10.06"]
[SourceVersion "1"]
[SourceVersionDate "2021.10.06"]
[SourceQuality "1"]

1. e4 d5 2. exd5 Nf6 3. d4 Nxd5 4. Nf3 Bg4 5. Be2 e6 6. 0-0 Be7 7. c4 Nb6 8. Ne5 Bxe2 9. Qxe2 0-0 10. Be3 N8d7 11. f4 c6 12. Nc3 Qc7 13. Rad1 f6 14. Nxd7 Qxd7 15. b3 Rad8 16. Qg4 Rfe8 17. Qg3 Qc7 18. Ne4 Nd7 19. Qh3 Bf8 20. Qg3 Kh8 21. Rd2 c5 22. Rfd1 cxd4 23. Bxd4 Bc5 24. Nxc5 Nxc5 25. Qe3 b6 26. h3 Rc8 27. Bxc5 Qxc5 28. Qxc5 Rxc5 29. Rd8 Rc8 30. Rxc8 Rxc8 31. Rd7 Kg8 32. Rxa7 Kf8 33. Rb7 Rc6 34. Kf2 e5 35. fxe5 fxe5 36. Ke3 Rg6 37. g4 Rh6 38. Ke4 Rxh3 39. Kxe5 Rh2 40. Rxb6 Rxa2 41. c5 Rc2 42. b4 Rc4 43. c6 Ke7 44. Rb7+ Kd8 45. b5 Rxg4 46. Kd6 Rg6+ 47. Kc5 Kc8 48. Kb6 h5 49. Rf7 1-0

[Event "Ricany op"]
[Site "Ricany"]
[Date "2010.08.25"]
[Round "6"]
[White "Halla, Jiri"]
[Black "Koper, Stefan"]
[Result "0-1"]
[WhiteElo "1912"]
[BlackElo "2020"]
[PlyCount "128"]
[EventDate "2010.08.21"]
[EventType "swiss"]
[EventRounds "9"]
[EventCountry "CZE"]
[SourceTitle "EXT 2022"]
[Source "ChessBase"]
[SourceDate "2021.10.06"]
[SourceVersion "1"]
[SourceVersionDate "2021.10.06"]
[SourceQuality "1"]

1. e4 e6 2. d4 g6 3. Be3 Bg7 4. Qd2 d5 5. e5 Nc6 6. Nc3 h5 7. Nf3 Nh6 8. h4 Ne7 9. Bd3 Nhf5 10. Bg5 c6 11. Bxf5 exf5 12. 0-0 Be6 13. Ne2 Qd7 14. Rfe1 b6 15. Nf4 0-0 16. Bf6 Rfc8 17. Rad1 a5 18. Nxh5 gxh5 19. Qg5 Ng6 20. Qxh5 Qc7 21. Qg5 Bxf6 22. exf6 Qf4 23. Qh5 Qg4 24. Qh6 Nf4 25. g3 Qg6 26. Qxf4 Qxf6 27. Qg5+ Qg7 28. Re2 c5 29. c3 b5 30. Rde1 Ra6 31. dxc5 b4 32. Re3 bxc3 33. Rxc3 Rac6 34. Rec1 a4 35. b4 axb3 36. axb3 Rb8 37. Nd4 Qxg5 38. hxg5 Rc7 39. Rb1 Rb4 40. Rd1 Kg7 41. Kg2 Kg6 42. Nc2 Re4 43. Rd2 f4 44. b4 fxg3 45. fxg3 Rc4 46. Rxc4 dxc4 47. Kf3 Kxg5 48. Nd4 Bd5+ 49. Kf2 Be4 50. Nf3+ Kf5 51. Nd4+ Ke5 52. Nf3+ Bxf3 53. Kxf3 c3 54. Rd1 Rb7 55. Ke3 Rxb4 56. Kd3 Rd4+ 57. Kc2 Rc4 58. Rf1 f5 59. Re1+ Kf6 60. Re8 Rxc5 61. Rg8 Rc4 62. Rf8+ Kg6 63. Rg8+ Kf7 64. Rg5 Kf6 0-1

[Event "Kouty nad Desnou op-A"]
[Site "Kouty nad Desnou"]
[Date "2010.03.12"]
[Round "8"]
[White "Dolezal, Radoslav"]
[Black "Halla, Jiri"]
[Result "1/2-1/2"]
[WhiteElo "2402"]
[BlackElo "1931"]
[PlyCount "48"]
[EventDate "2010.03.06"]
[EventType "swiss"]
[EventRounds "9"]
[EventCountry "CZE"]
[SourceTitle "CBM 135 Extra"]
[Source "ChessBase"]
[SourceDate "2010.05.04"]
[SourceVersion "1"]
[SourceVersionDate "2010.05.04"]
[SourceQuality "1"]

1. e4 e6 2. d4 d5 3. Nd2 Nf6 4. e5 Nfd7 5. Bd3 c5 6. c3 Nc6 7. Ne2 Qb6 8. Nf3 cxd4 9. cxd4 f6 10. exf6 Nxf6 11. 0-0 Bd6 12. a3 0-0 13. b4 a6 14. Be3 Bd7 15. Ng3 Rae8 16. Rc1 Qd8 17. Qd2 e5 18. dxe5 Nxe5 19. Nxe5 Bxe5 20. Bc5 Rf7 21. f4 Bc7 22. Bb1 Bb6 23. Qd4 Bxc5 24. Qxc5 Qe7 1/2-1/2

[Event "Kouty nad Desnou op-A"]
[Site "Kouty nad Desnou"]
[Date "2010.03.08"]
[Round "4"]
[White "Havlicek, Pavel"]
[Black "Halla, Jiri"]
[Result "1/2-1/2"]
[WhiteElo "1822"]
[BlackElo "1931"]
[PlyCount "58"]
[EventDate "2010.03.06"]
[EventType "swiss"]
[EventRounds "9"]
[EventCountry "CZE"]
[SourceTitle "CBM 135 Extra"]
[Source "ChessBase"]
[SourceDate "2010.05.04"]
[SourceVersion "1"]
[SourceVersionDate "2010.05.04"]
[SourceQuality "1"]

1. e4 e6 2. d4 d5 3. exd5 exd5 4. Bd3 Bd6 5. c3 Ne7 6. Qc2 h6 7. Be3 Nbc6 8. Nd2 Be6 9. Ne2 Qd7 10. Bf4 g5 11. Bxd6 Qxd6 12. 0-0-0 0-0-0 13. Nb3 b6 14. Ba6+ Kb8 15. Ng3 h5 16. Bd3 h4 17. Nf1 Bc8 18. Ne3 f5 19. Kb1 Rdf8 20. h3 Rf7 21. f3 Rhf8 22. Rdf1 f4 23. Ng4 Nf5 24. Re1 Ng3 25. Rhg1 Re7 26. Qd2 Rfe8 27. Bb5 Bf5+ 28. Ka1 Bxg4 29. hxg4 Re3 1/2-1/2

[Event "Kouty nad Desnou op-A"]
[Site "Kouty nad Desnou"]
[Date "2010.03.07"]
[Round "2"]
[White "Starek, Stanislav"]
[Black "Halla, Jiri"]
[Result "0-1"]
[WhiteElo "1787"]
[BlackElo "1931"]
[PlyCount "118"]
[EventDate "2010.03.06"]
[EventType "swiss"]
[EventRounds "9"]
[EventCountry "CZE"]
[SourceTitle "CBM 135 Extra"]
[Source "ChessBase"]
[SourceDate "2010.05.04"]
[SourceVersion "1"]
[SourceVersionDate "2010.05.04"]
[SourceQuality "1"]

1. c4 Nf6 2. g3 g6 3. Bg2 Bg7 4. Nc3 0-0 5. e4 d6 6. Nge2 e5 7. 0-0 Nc6 8. d3 Be6 9. Nd5 Ne7 10. Nxf6+ Bxf6 11. Bh6 Bg7 12. Bxg7 Kxg7 13. f4 Bg4 14. h3 Bxe2 15. Qxe2 Nc6 16. f5 Qg5 17. f6+ Kh8 18. Qf2 Nd4 19. h4 Qh6 20. g4 g5 21. h5 Rfd8 22. Qd2 Rg8 23. Rf2 Qf8 24. Rc1 Qc8 25. Qd1 Re8 26. c5 Qd7 27. Bf1 h6 28. Be2 Ne6 29. cxd6 Qxd6 30. Qb3 b6 31. Bd1 Kg8 32. Qc4 Rad8 33. Ba4 Rf8 34. Rf3 c5 35. Bc2 Nf4 36. Rd1 Qd7 37. Rg3 Ne2+ 38. Kf2 Nxg3 39. Kxg3 Qd4 40. Qxd4 Rxd4 41. Rf1 Re8 42. Rf5 Re6 43. Kf2 c4 44. Ke3 cxd3 45. Bxd3 Red6 46. Be2 Ra4 47. Rxe5 Re6 48. Rxe6 fxe6 49. a3 e5 50. b3 Rd4 51. Bc4+ Kf8 52. Bd5 Rd1 53. Ke2 Rg1 54. Be6 b5 55. Kd2 Rf1 56. f7 Rf6 57. Bd5 Rf4 58. Ke3 Rxg4 59. Kf3 Rh4 0-1